000 00619nam a2200217 4500
003 OSt
005 20240626065126.0
006 a
008 240626b |||||||| |||| 00| 0 eng d
020 _a9788183568678
040 _aDWCL-Main lib.
_cOC
082 _2First edition
_aCirc. 579.2 M678u 2011
100 _aMishra, Shubhrata R.
245 _aUnderstanding viruses /
250 _aFirst edition
260 _aNew Delhi:
_bDiscovery Pub. House Pvt. Ltd.,
_cc2011.
300 _b305 p. : ill. ;
_c23 cm.
504 _aIncludes index.
650 _a1. Viruses.
942 _2ddc
_n0
_cBK-CIRC
_eFirst edition
_kCirc.
999 _c1403
_d1403